书目信息 |
| 题名: |
饮食防癌
|
|
| 作者: | 哈瑟里尔 著 ;邱温 译 | |
| 分册: | ||
| 出版信息: | 北京 中信出版社 2003 |
|
| 页数: | 29,208页 | |
| 开本: | 21cm | |
| 丛书名: | 绿色生活 | |
| 单 册: | ||
| 中图分类: | R730.1 | |
| 科图分类: | ||
| 主题词: | 癌--食物疗法 , 食物疗法 , 肿瘤学 | |
| 电子资源: | ||
| ISBN: | 7-5382-6618-6 | |
| 000 | 00997oam2 2200301 450 | |
| 001 | 05002370145 | |
| 005 | 20051220093436.68 | |
| 010 | @a7-5382-6618-6@dCNY16.00 | |
| 092 | @aCN | |
| 100 | @a20040323d2003 ekmy0chiy0120 ea | |
| 101 | 1 | @achi@ceng |
| 102 | @aCN@b110000@b210000 | |
| 105 | @aak z 000yy | |
| 200 | 1 | @a饮食防癌@9yin shi fang ai@d= Eat to Beat Cancer@f(美)罗伯特·哈瑟里尔著@F(mei)luo bo te·ha se li er zhu@g邱温译@zeng |
| 210 | @a北京@c中信出版社@a沈阳@c辽宁教育出版社@d2003 | |
| 215 | @a29,208页@c图@d21cm | |
| 225 | 2 | @a绿色生活 |
| 330 | @a本书从环境毒物学的专业背景出发,通过对我们日常饮食中所含的防癌物质的研究,形成了一套简便易行,以饮食防癌为基础的防癌养生法。 | |
| 461 | 0 | @12001 @a绿色生活 |
| 510 | 1 | @aEat to Beat Cancer@zeng |
| 606 | 0 | @a癌@x食物疗法 |
| 606 | 0 | @a食物疗法 |
| 606 | 0 | @a肿瘤学 |
| 690 | @aR730.1@v4 | |
| 701 | 0 | @a哈瑟里尔@Aha se li er@4著 |
| 702 | 0 | @a邱温@9qiu wen@4译 |
| 801 | 0 | @aCN@bNLC@c20051220 |
| 905 | @a10447@dR730.1@e15 | |
| 饮食防癌= Eat to Beat Cancer/(美)罗伯特·哈瑟里尔著/邱温译.-北京:中信出版社;沈阳:辽宁教育出版社,2003 |
| 29,208页:图;21cm.-(绿色生活) |
| ISBN 7-5382-6618-6:CNY16.00 |
| 本书从环境毒物学的专业背景出发,通过对我们日常饮食中所含的防癌物质的研究,形成了一套简便易行,以饮食防癌为基础的防癌养生法。 |
| ● |
| 相关链接 |
|
|
|
|
正题名:饮食防癌
索取号:R730.1/15
 
预约/预借
| 序号 | 登录号 | 条形码 | 馆藏地/架位号 | 状态 | 备注 |
| 1 | 0371970 | 203719707 | 第二样本阅览室/ [索取号:R730.1/15] | 在馆 | |
| 2 | 0371971 | 203719716 | 教育系资料室/ [索取号:R730.1/15] | 在馆 | |
| 3 | 0371972 | 203719725 | 第三借阅区/ [索取号:R730.1/15] | 在馆 | |
| 4 | 0371973 | 203719734 | 第三借阅区/ [索取号:R730.1/15] | 在馆 | |
| 5 | 0371974 | 203719743 | 教育系资料室/ [索取号:R730.1/15] | 在馆 |